| 000 | 01147nam a22002297a 4500 | ||
|---|---|---|---|
| 003 | BD-DhUL | ||
| 005 | 20210920153339.0 | ||
| 008 | 170530s2011 bg |||| |||b 001 0 ben | ||
| 020 | _a9789840414116 (hbk) | ||
| 040 |
_aBD-DhUL _cBD-DhUL |
||
| 082 |
_a320.092 _bANT |
||
| 245 | 1 | 0 |
_aআন্তোনিও গ্রামসি : _bজীবন সংগ্রাম ও তত্ত্ব / _cসম্পাদনা খন্দকার সাখাওয়াত আলী । |
| 250 | _aআগামী ১ম বর্ধিত সংস্ক. | ||
| 260 |
_aঢাকা : _bআগামী, _c২০১১ । |
||
| 300 |
_a৩৮৪ পৃ. ; _c২৩ সেমি. |
||
| 365 |
_aBDT _b600.00 |
||
| 504 | _aগ্রন্থপঞ্জি: পৃ. ৩৬৭-৩৭৩ । গ্রন্থপঞ্জিগত তথ্য ও নির্ঘণ্ট সংবলিত । | ||
| 600 | 4 |
_aগ্রামসি, আন্তোনিও _xজীবনী । |
|
| 600 | 4 |
_aGramaci, Antonio _xBiography. |
|
| 700 | 1 |
_aআলী, খন্দকার সাখাওয়াত _eসম্পা. |
|
| 942 |
_2ddc _cBK |
||
| 999 |
_c248240 _d248240 |
||